| 000 | 00887nam a22002652 4500 | ||
|---|---|---|---|
| 001 | 0000002357 | ||
| 005 | 20151217151851.0 | ||
| 008 | 070410s xx 000 0 eng d | ||
| 020 | _a0256140782 : | ||
| 040 |
_aKABU _cKABU |
||
| 050 | 0 |
_aHF5721 _b.L37 1996 |
|
| 100 | 1 |
_aLesikar, Raymond Vincent. _@0000089451 |
|
| 245 | 1 | 0 |
_aLesikar's basic business communication / _cRaymoond V. Lesikar, John D. Pettit, Jr., Marie E. Flatley. |
| 250 | _a7th ed. | ||
| 260 |
_aChicago : _bIrwin, _c1996. |
||
| 300 | _axviii, 624 p. | ||
| 650 | 0 |
_aCommercial correspondence. _@0000151703 |
|
| 650 | 0 |
_aBusiness communication. _@0000148326 |
|
| 650 | 0 |
_aEnglish language _xBusiness English. _@0000151704 |
|
| 700 | 1 |
_aPettit, John. _@0000151705 |
|
| 700 | 1 |
_aFlatley, Marie Elizabeth. _@0000151706 |
|
| 908 | _a070410 | ||
| 950 | _@1 | ||
| 999 |
_c5813 _d5813 |
||